| 000 | 00746nam a2200217Ia 4500 | ||
|---|---|---|---|
| 003 | GCL | ||
| 008 | 140319s9999 xx 000 0 ara d | ||
| 040 |
_aGCL / _cGCL |
||
| 082 | 0 | 4 |
_a810.9 _bم ا |
| 100 | 1 | _aمصطفى صادق الرافعى | |
| 245 | 1 | 0 |
_aاعجاز القران والبلاغة النبوية / _cمصطفى صادق الرافعى |
| 260 |
_a[S.N] : _bدار الكتاب العربى ، _c1990 |
||
| 300 | _a350 ص | ||
| 490 |
_aمجموعة مصطفى صادق الرافعى _v0 |
||
| 650 | 0 | 4 | _aاللغة العربية |
| 650 | 0 | 4 | _aالبلاغة العربية |
| 650 | 0 | 4 | _aالمصطلحات |
| 650 | 0 | 4 | _aاللغة العربية, تاريخ |
| 650 | 0 | 4 | _aالقران - اعجاز |
| 942 |
_2ddc _cBK |
||
| 999 |
_c35562 _d35562 |
||